| 000 | 00786nam a2200253Ia 4500 | ||
|---|---|---|---|
| 003 | OSt | ||
| 005 | 20220926004624.0 | ||
| 006 | a|||||r|||| 00| 0 | ||
| 007 | ta | ||
| 008 | 220923b |||||||| |||| 00| 0 eng d | ||
| 020 |
_a97810138653412 _c995.00 |
||
| 037 |
_b234, 09/03/2017, CLASSIC BOOKS SERVICES _cGeneral Book |
||
| 040 |
_aRTL _cRTL _beng |
||
| 041 |
_2eng _aeng |
||
| 082 | _aY74445.1, Q6 | ||
| 100 |
_aSUBBA Tanka B _9262350 |
||
| 245 | 0 | _aNepali diaspora in a globalised era | |
| 260 |
_a New Delhi _bRoutledge _c2016 |
||
| 300 |
_axvii,305p. _ccm. |
||
| 650 | _aSociology | ||
| 700 |
_a SINHA A C _9132325 |
||
| 942 |
_hY74445.1, Q6 _cGB _2CC |
||
| 999 |
_c611808 _d611808 |
||